[Event "Gibraltar Masters 2015"]
[Site "Caleta ENG"]
[Date "2015.02.05"]
[Round "10.26"]
[White "Pichot, Alan"]
[Black "Salem, A.R. Saleh"]
[Result "0-1"]
[WhiteElo "2480"]
[BlackElo "2603"]
[PlyCount "62"]
[EventDate "2015.01.27"]

1. e4 c5 2. Nf3 d6 3. d4 cxd4 4. Nxd4 Nf6 5. Nc3 a6 6. h3 e6 7. g4 Nfd7 8. Bg2
Be7 9. Be3 Nc6 10. Qe2 O-O 11. O-O-O Nxd4 12. Bxd4 b5 13. e5 d5 14. f4 Bb7 15.
Qe3 b4 16. Ne2 a5 17. h4 a4 18. Kb1 b3 19. cxb3 axb3 20. a3 Ba6 21. f5 Bc4 22.
g5 Bxa3 23. bxa3 Rxa3 24. Bb2 Qa5 25. Bxa3 Qxa3 26. Nc1 Nc5 27. Rh3 Rc8 28. Qc3
Na4 29. Qd2 d4 30. Be4 Bd5 31. Bxd5 Nc3+ 0-1

[Event "Moscow Open Students 2015"]
[Site "Moscow RUS"]
[Date "2015.02.06"]
[Round "7.3"]
[White "Belous, V."]
[Black "Ter Sahakyan, S."]
[Result "1-0"]
[WhiteElo "2577"]
[BlackElo "2580"]
[PlyCount "79"]
[EventDate "2015.01.31"]

1. d4 d5 2. c4 c6 3. Nf3 Nf6 4. e3 e6 5. Nc3 Nbd7 6. Qc2 Bd6 7. Bd3 O-O 8. O-O
dxc4 9. Bxc4 b5 10. Be2 a6 11. Rd1 Qc7 12. Ne4 Nxe4 13. Qxe4 Bb7 14. Qh4 c5 15.
Bd2 Rfe8 16. dxc5 Be7 17. Qh3 Nxc5 18. Rac1 Qb6 19. Bc3 Ne4 20. Bd4 Qa5 21. Ne5
Bd5 22. Nxf7 Kxf7 23. Qxh7 Nf6 24. Bh5+ Nxh5 25. Qxh5+ Kg8 26. Qg4 Bf8 27. e4
Rad8 28. exd5 Rxd5 29. Bc3 Qxa2 30. Re1 b4 31. Qg6 Rdd8 32. Be5 Qd5 33. h4 Qd3
34. Re4 Re7 35. Bf6 Qd2 36. Rf1 Rde8 37. Bxe7 Rxe7 38. b3 Qc2 39. Qg4 a5 40.
Re3 1-0

[Event "16th ch-EUR Indiv 2015"]
[Site "Jerusalem ISR"]
[Date "2015.02.27"]
[Round "4.12"]
[White "Smirin, Ilia"]
[Black "Grandelius, Nils"]
[Result "1-0"]
[WhiteElo "2650"]
[BlackElo "2609"]
[PlyCount "73"]
[EventDate "2015.02.24"]

1. e4 c5 2. Nf3 d6 3. d4 cxd4 4. Nxd4 Nf6 5. Nc3 g6 6. Be2 Bg7 7. O-O O-O 8.
Re1 Nc6 9. Nb3 a6 10. Bf1 b5 11. a4 b4 12. Nd5 Nd7 13. a5 Rb8 14. Ra2 e6 15.
Ne3 Nf6 16. Ng4 Nxg4 17. Qxg4 Nd4 18. Nxd4 Bxd4 19. Qd1 e5 20. Be3 Be6 21. b3
Bc3 22. Bxa6 Bxe1 23. Qxe1 Qc7 24. Bd3 d5 25. a6 Rbd8 26. a7 d4 27. Bh6 Rfe8
28. f4 Qe7 29. fxe5 Bd7 30. Ra5 Bc6 31. Qf2 Rd7 32. Bc4 Ra8 33. e6 fxe6 34. Qf4
d3 35. cxd3 Rdxa7 36. Bxe6+ Qxe6 37. Rxa7 1-0